Carta con fecha 6 de Noviembre de 1930, para el Sr. Lic. D. Miguel Palomar y Vizcarra
Síntesis: El redactor del diario católico de Madrid, "El Siglo Futuro", Antonio Sanz Cerrada, escribe a Miguel Palomar y Vizcarra y le aconseja varias acciones a seguir, también le informa que el único periódico que ha presentado información de México es el de él, ya que segun dice Sanz Cerrado, tod...
Gorde:
| Egile nagusia: | |
|---|---|
| Formatua: | Liburua |
| Gaiak: | |
| Etiketak: |
Etiketarik gabe, Izan zaitez lehena erregistro honi etiketa jartzen!
|
MARC
| LEADER | 00000nam^a2200000^a^4500 | ||
|---|---|---|---|
| 001 | 000250162 | ||
| 005 | 20250526000000.0 | ||
| 009 | 20260310105800.886 | ||
| 035 | |a R01162 | ||
| 037 | |a Acervo Xavier Clavigero | ||
| 082 | |a 21. 2 |b SAN V. LIBRO 6 55/66 | ||
| 100 | |a Sanz Cerrada, Antonio María |e (autor) | ||
| 245 | 1 | 0 | |a Carta con fecha 6 de Noviembre de 1930, para el Sr. Lic. D. Miguel Palomar y Vizcarra |
| 264 | |a Madrid, España : |b Destinatario: Palomar y Vizcarra, Miguel, vicepresidente de la LNDLR, |c 1930 | ||
| 300 | |a 2 fojas, mcs/cop. 21.5 X 28 | ||
| 336 | |a texto |b txt |2 rdacontenido | ||
| 337 | |a sin mediación |b n |2 rdamedio | ||
| 338 | |a volumen |b nc |2 rdasoporte | ||
| 520 | |a Síntesis: El redactor del diario católico de Madrid, "El Siglo Futuro", Antonio Sanz Cerrada, escribe a Miguel Palomar y Vizcarra y le aconseja varias acciones a seguir, también le informa que el único periódico que ha presentado información de México es el de él, ya que segun dice Sanz Cerrado, todo mundo ha callado los sucesos de México, y la gente esta desconsertada con respecto a los arreglos. | ||
| 598 | |a Carta | ||
| 598 | |a En la biblioteca del ILFC, Guadalajara, Jal. | ||
| 598 | |a Lugares que cita el documento: Madrid, España; Roma; México, D.F.; México; Bélgica; Tacambaro. | ||
| 598 | |a Fechas que cita el documento: 1930/Noviembre/6; 1941/Diciembre/21 | ||
| 649 | |a XX | ||
| 650 | |a * Palomar y Vizcarra, Miguel - |x correspondencia, memorias, etc | ||
| 650 | |a Iglesia y Estado - |z México | ||
| 650 | |a * Arquímedes | ||
| 650 | |a * Palomar y Vizcarra, Miguel | ||
| 650 | |a * Boggiani, Tomás | ||
| 650 | |a * Ruiz y Flores, Leopoldo | ||
| 650 | |a Ceniceros y Villarreal, Rafael | ||
| 650 | |a Vázquez Cisneros, Pedro | ||
| 650 | |a * Manríquez y Zárate, José de Jesús | ||
| 650 | |a Capistrán Garza, René | ||
| 650 | |a Díaz y Barreto, Pascual | ||
| 600 | |a López, Amado | ||
| 910 | |a Fondo Jesús Gómez Fregoso S.J. FXC | ||
| 920 | |a Impresos - Documentos | ||
| 930 | |a Libros Antiguos y Raros | ||
| 940 | |a Guerra Cristera | ||
| 905 | |a 110 | ||
| 901 | |a R01162 |b IT2 |c LRA |i R01162 |u 20250526 | ||
| 902 | |a https://opac.biblio.iteso.mx/vufind/Record/000250162 | ||